Statistics for Mario Kart Wii vehicles (American)

Click here to take the quiz!

General Stats

  • This quiz has been taken 12 times
  • The average score is 26 of 36

Answer Stats

Answer% Correct
Blue Falcon
100%
Bullet Bike
90%
Mach Bike
90%
Magikruiser
90%
Quacker
90%
Standard Kart S
90%
Tiny Titan
90%
Classic Dragster
80%
Daytripper
80%
Dolphin Dasher
80%
Offroader
80%
Standard Bike M
80%
Standard Bike S
80%
Standard Kart L
80%
Standard Kart M
80%
Wario Bike
80%
Booster Seat
70%
Flame Flyer
70%
Flame Runner
70%
Jet Bubble
70%
Mini Beast
70%
Sneakster
70%
Spear
70%
Standard Bike L
70%
Wild Wing
70%
Zip Zip
70%
Bit Bike
60%
Cheep Charger
60%
Honeycoupe
60%
Jetsetter
60%
Shooting Star
60%
Sprinter
60%
Super Blooper
60%
Phantom
50%
Piranha Prowler
50%
Sugarscoot
50%

Score Distribution

Percentile by Number Answered

Percent of People with Each Score

Your Score History

You have not taken this quiz